[Event "MCR druzstev mladsich zaku 2019"]
[Site "Trest"]
[Date "2019.06.15"]
[Round "6.18"]
[White "Mikulka, Martin Michael"]
[Black "Vana, Jakub"]
[Result "0-1"]
[BlackElo "1422"]
[WhiteElo "1106"]
[LiveChessVersion "1.4.8"]

1. e4 {[%clk 0:25:18]} c6 {[%clk 0:25:18]} 2. Nf3 {[%clk 0:25:25]} d5
{[%clk 0:25:25]} 3. e5 {[%clk 0:25:32]} Bf5 {[%clk 0:25:32]} 4. Nc3
{[%clk 0:25:37]} e6 {[%clk 0:25:39]} 5. d4 {[%clk 0:25:41]} c5 {[%clk 0:25:44]}
6. Be3 {[%clk 0:25:42]} Nc6 {[%clk 0:25:48]} 7. dxc5 {[%clk 0:25:49]} Qa5
{[%clk 0:25:17]} 8. Bd3 {[%clk 0:25:52]} Bxd3 {[%clk 0:24:59]} 9. cxd3
{[%clk 0:25:56]} Bxc5 {[%clk 0:25:04]} 10. Bxc5 {[%clk 0:26:02]} Qxc5
{[%clk 0:25:10]} 11. d4 {[%clk 0:25:37]} Qb6 {[%clk 0:24:55]} 12. O-O
{[%clk 0:24:53]} Nge7 {[%clk 0:25:00]} 13. b3 {[%clk 0:24:32]} O-O
{[%clk 0:24:53]} 14. h4 {[%clk 0:24:30]} Ng6 {[%clk 0:24:51]} 15. Qd3
{[%clk 0:23:55]} h6 {[%clk 0:24:42]} 16. h5 {[%clk 0:23:56]} Nf4 {[%clk 0:24:47]}
17. Qe3 {[%clk 0:23:57]} Nxh5 {[%clk 0:22:33]} 18. g4 {[%clk 0:24:04]} Nb4
{[%clk 0:22:38]} 19. Qd2 {[%clk 0:23:56]} Ng3 {[%clk 0:19:46]} 20. fxg3
{[%clk 0:24:02]} Nc6 {[%clk 0:19:23]} 21. Rad1 {[%clk 0:24:01]} f6
{[%clk 0:19:31]} 22. Kh1 {[%clk 0:23:47]} Rf7 {[%clk 0:19:19]} 23. Qd3
{[%clk 0:23:23]} Raf8 {[%clk 0:19:07]} 24. Rde1 {[%clk 0:22:59]} Nb4
{[%clk 0:19:02]} 25. Qe2 {[%clk 0:22:14]} Nc6 {[%clk 0:18:52]} 26. Qe3
{[%clk 0:21:17]} Nb4 {[%clk 0:18:57]} 27. Qe2 {[%clk 0:21:15]} Nc6
{[%clk 0:19:03]} 28. Nb5 {[%clk 0:20:48]} Rd7 {[%clk 0:17:48]} 29. exf6
{[%clk 0:20:34]} Rxf6 {[%clk 0:17:42]} 30. Ne5 {[%clk 0:20:25]} Rxf1+
{[%clk 0:17:38]} 31. Rxf1 {[%clk 0:20:32]} Nxe5 {[%clk 0:17:15]} 32. dxe5
{[%clk 0:20:39]} Qa6 {[%clk 0:17:08]} 33. Nc3 {[%clk 0:20:20]} Qc6
{[%clk 0:16:59]} 34. Qb5 {[%clk 0:19:47]} Qc7 {[%clk 0:16:34]} 35. Qb4
{[%clk 0:19:24]} Rf7 {[%clk 0:16:34]} 36. Rxf7 {[%clk 0:19:24]} Qxf7
{[%clk 0:16:42]} 37. Kg2 {[%clk 0:19:09]} Qg6 {[%clk 0:16:29]} 38. Kh3
{[%clk 0:18:58]} h5 {[%clk 0:16:01]} 39. Nb5 {[%clk 0:18:34]} hxg4+
{[%clk 0:16:08]} 40. Qxg4 {[%clk 0:18:40]} Qh7+ {[%clk 0:16:15]} 41. Qh4
{[%clk 0:18:39]} Qf5+ {[%clk 0:16:22]} 42. Qg4 {[%clk 0:18:21]} Qh7+
{[%clk 0:18:29]} 43. Kg2 {[%clk 0:18:20]} Qc2+ {[%clk 0:18:30]} 44. Kh3
{[%clk 0:18:08]} Qh7+ {[%clk 0:18:36]} 45. Qh4 {[%clk 0:18:08]} Qf5+
{[%clk 0:18:44]} 46. g4 {[%clk 0:17:53]} Qf1+ {[%clk 0:18:27]} 47. Kg3
{[%clk 0:17:56]} Qxb5 {[%clk 0:18:26]} 48. Kf4 {[%clk 0:18:03]} Qf1+
{[%clk 0:18:24]} 49. Kg5 {[%clk 0:18:09]} Qc1+ {[%clk 0:18:16]} 50. Kg6
{[%clk 0:18:11]} Qh6+ {[%clk 0:17:30]} 51. Qxh6 {[%clk 0:18:02]} gxh6
{[%clk 0:17:38]} 52. Kxh6 {[%clk 0:18:10]} d4 {[%clk 0:17:47]} 53. g5
{[%clk 0:18:06]} d3 {[%clk 0:17:56]} 54. a4 {[%clk 0:17:58]} d2 {[%clk 0:18:04]}
55. a5 {[%clk 0:18:06]} d1=Q {[%clk 0:18:09]} 56. g6 {[%clk 0:18:07]} Qxb3
{[%clk 0:17:57]} 57. Kg5 {[%clk 0:18:04]} Kg7 {[%clk 0:17:57]} 58. Kh5
{[%clk 0:18:11]} Qd3 {[%clk 0:17:49]} 59. Kg4 {[%clk 0:18:17]} Qxg6+
{[%clk 0:17:56]} 60. Kf4 {[%clk 0:18:25]} Kf8 {[%clk 0:17:51]} 61. Ke3
{[%clk 0:18:32]} Qf5 {[%clk 0:17:56]} 62. Kd4 {[%clk 0:18:41]} Ke7
{[%clk 0:18:02]} 63. Kc5 {[%clk 0:18:37]} Qxe5+ {[%clk 0:18:07]} 64. Kb4
{[%clk 0:18:45]} Kd6 {[%clk 0:18:10]} 65. Kc4 {[%clk 0:18:52]} Kc6
{[%clk 0:18:05]} 66. Kb4 {[%clk 0:18:49]} Qd4+ {[%clk 0:18:11]} 67. Kb3
{[%clk 0:18:57]} Kb5 {[%clk 0:18:11]} 68. Kc2 {[%clk 0:19:05]} Qe3
{[%clk 0:18:19]} 69. Kd1 {[%clk 0:19:12]} Qf2 {[%clk 0:18:28]} 70. Kc1
{[%clk 0:19:21]} Kb4 {[%clk 0:18:36]} 71. Kb1 {[%clk 0:19:23]} Kb3
{[%clk 0:18:45]} 72. Ka1 {[%clk 0:19:31]} Qb2# 0-1

[Event "MCR druzstev mladsich zaku 2019"]
[Site "Trest"]
[Date "2019.06.15"]
[Round "7.1"]
[White "Finek, Vaclav"]
[Black "Setina, Vaclav"]
[Result "0-1"]
[BlackElo "1548"]
[WhiteElo "2074"]
[LiveChessVersion "1.4.8"]

1. d4 {[%clk 0:25:19]} d5 {[%clk 0:25:19]} 2. c4 {[%clk 0:25:28]} c6 3. Nf3
{[%clk 0:25:35]} Nf6 {[%clk 0:25:36]} 4. e3 {[%clk 0:25:43]} Bf5 {[%clk 0:25:28]}
5. Bd3 {[%clk 0:25:05]} Bxd3 {[%clk 0:25:26]} 6. Qxd3 {[%clk 0:25:13]} dxc4
{[%clk 0:25:30]} 7. Qxc4 {[%clk 0:25:21]} e6 {[%clk 0:25:37]} 8. O-O
{[%clk 0:25:29]} Nbd7 {[%clk 0:25:46]} 9. Nc3 {[%clk 0:25:34]} Nb6
{[%clk 0:25:53]} 10. Qe2 {[%clk 0:25:42]} Bd6 {[%clk 0:25:44]} 11. e4
{[%clk 0:25:49]} Bc7 {[%clk 0:25:43]} 12. Bg5 {[%clk 0:25:17]} O-O
{[%clk 0:25:36]} 13. e5 {[%clk 0:25:22]} h6 {[%clk 0:25:30]} 14. Bxf6
{[%clk 0:25:18]} gxf6 {[%clk 0:25:37]} 15. Ne4 {[%clk 0:25:25]} f5
{[%clk 0:25:34]} 16. Nf6+ {[%clk 0:25:21]} Kg7 {[%clk 0:25:22]} 17. Rac1
{[%clk 0:23:54]} Nd5 {[%clk 0:24:48]} 18. Nxd5 {[%clk 0:23:40]} cxd5
{[%clk 0:24:34]} 19. Rc2 {[%clk 0:23:41]} Qe7 {[%clk 0:22:18]} 20. Qb5
{[%clk 0:23:23]} Bb6 {[%clk 0:21:51]} 21. Rfc1 {[%clk 0:23:14]} Kh8
{[%clk 0:20:57]} 22. a4 {[%clk 0:18:35]} Rae8 {[%clk 0:16:42]} 23. a5
{[%clk 0:18:06]} Bd8 {[%clk 0:16:51]} 24. Qc5 {[%clk 0:14:49]} Qxc5
{[%clk 0:14:54]} 25. Rxc5 {[%clk 0:14:53]} b6 {[%clk 0:15:04]} 26. axb6
{[%clk 0:14:49]} Bxb6 {[%clk 0:15:13]} 27. Rc6 {[%clk 0:14:52]} Rg8
{[%clk 0:15:10]} 28. Kf1 {[%clk 0:11:50]} Kh7 {[%clk 0:12:34]} 29. g3
{[%clk 0:11:48]} h5 {[%clk 0:12:03]} 30. h3 {[%clk 0:10:07]} Rb8 {[%clk 0:10:23]}
31. Ke2 {[%clk 0:09:00]} Ba5 {[%clk 0:10:08]} 32. R1c2 {[%clk 0:09:08]} Rb4
{[%clk 0:09:27]} 33. Kd1 {[%clk 0:06:29]} Rgb8 {[%clk 0:08:58]} 34. Kc1
{[%clk 0:06:29]} Rb3 {[%clk 0:08:13]} 35. Ng5+ {[%clk 0:06:38]} Kg7
{[%clk 0:07:07]} 36. Rd6 {[%clk 0:06:12]} Bd8 {[%clk 0:06:37]} 37. h4
{[%clk 0:05:57]} Bxg5+ {[%clk 0:06:43]} 38. hxg5 {[%clk 0:06:05]} Rd3
{[%clk 0:06:30]} 39. Rd7 {[%clk 0:06:06]} Rxd4 {[%clk 0:05:48]} 40. Rxa7
{[%clk 0:05:13]} Re4 {[%clk 0:05:08]} 41. Rcc7 {[%clk 0:04:57]} Rf8
{[%clk 0:05:09]} 42. f4 {[%clk 0:05:05]} Re3 {[%clk 0:05:05]} 43. Rc3
{[%clk 0:05:00]} Re4 {[%clk 0:03:56]} 44. Kb1 {[%clk 0:04:25]} h4
{[%clk 0:03:25]} 45. gxh4 {[%clk 0:04:34]} Rxf4 {[%clk 0:03:33]} 46. Rh3
{[%clk 0:04:42]} Rg4 {[%clk 0:03:25]} 47. Rc7 {[%clk 0:04:27]} Rh8
{[%clk 0:03:20]} 48. h5 {[%clk 0:04:07]} Rxg5 {[%clk 0:03:03]} 49. h6+
{[%clk 0:04:16]} Kg6 {[%clk 0:02:52]} 50. h7 {[%clk 0:04:25]} f4 {[%clk 0:02:41]}
51. b4 {[%clk 0:03:49]} Rg3 {[%clk 0:02:23]} 52. Rxg3+ {[%clk 0:03:58]} fxg3
{[%clk 0:02:32]} 53. Rc3 {[%clk 0:04:07]} Rxh7 {[%clk 0:02:20]} 54. Rxg3+
{[%clk 0:04:15]} Kf5 {[%clk 0:02:29]} 55. Re3 {[%clk 0:03:50]} Rh4
{[%clk 0:02:03]} 56. b5 {[%clk 0:03:43]} Rb4+ {[%clk 0:02:09]} 57. Kc2
{[%clk 0:03:52]} Rxb5 58. Rf3+ {[%clk 0:04:00]} Kxe5 {[%clk 0:02:10]} 59. Rxf7
{[%clk 0:04:08]} Kd6 {[%clk 0:01:37]} 60. Kc3 {[%clk 0:03:59]} Rc5+
{[%clk 0:01:39]} 61. Kd3 {[%clk 0:04:05]} Rc7 {[%clk 0:01:32]} 62. Rf6
{[%clk 0:04:10]} Ke5 {[%clk 0:01:21]} 63. Rh6 {[%clk 0:04:15]} Rf7
{[%clk 0:01:25]} 64. Rh5+ {[%clk 0:04:21]} Kd6 {[%clk 0:01:26]} 65. Rh6
{[%clk 0:04:27]} Re7 {[%clk 0:01:29]} 66. Kd4 {[%clk 0:04:34]} Rf7
{[%clk 0:01:27]} 67. Kd3 {[%clk 0:04:22]} Rf4 {[%clk 0:01:34]} 68. Ke3
{[%clk 0:04:28]} Re4+ {[%clk 0:01:42]} 69. Kd3 {[%clk 0:04:37]} Kc5
{[%clk 0:01:39]} 70. Rh8 {[%clk 0:04:41]} Ra4 {[%clk 0:01:25]} 71. Rc8+
{[%clk 0:04:49]} Kd6 {[%clk 0:01:34]} 72. Rh8 {[%clk 0:04:57]} Ra3+
{[%clk 0:01:33]} 73. Kd2 {[%clk 0:05:03]} e5 {[%clk 0:01:32]} 74. Rc8
{[%clk 0:05:03]} e4 {[%clk 0:01:28]} 75. Ke2 {[%clk 0:04:59]} Ke5
{[%clk 0:01:28]} 76. Rb8 {[%clk 0:05:01]} Ra2+ {[%clk 0:01:30]} 77. Ke1
{[%clk 0:05:10]} d4 {[%clk 0:01:09]} 78. Re8+ {[%clk 0:04:45]} Kf4
{[%clk 0:01:13]} 79. Rh8 {[%clk 0:04:53]} d3 {[%clk 0:01:15]} 80. Rh4+
{[%clk 0:03:26]} Ke3 {[%clk 0:01:14]} 81. Rh3+ {[%clk 0:03:35]} Kd4
{[%clk 0:01:22]} 82. Rh4 {[%clk 0:03:44]} Re2+ {[%clk 0:00:59]} 83. Kd1
{[%clk 0:03:50]} Rf2 {[%clk 0:00:59]} 84. Ke1 {[%clk 0:03:54]} d2+
{[%clk 0:00:31]} 85. Kd1 {[%clk 0:03:48]} Kd3 {[%clk 0:00:37]} 86. Rf4
{[%clk 0:03:12]} Ke3 {[%clk 0:00:13]} 87. Rxf2 {[%clk 0:02:17]} Kxf2
{[%clk 0:00:22]} 88. Kxd2 {[%clk 0:02:27]} e3+ {[%clk 0:00:30]} 89. Kd3
{[%clk 0:02:36]} e2 {[%clk 0:00:39]} 90. Ke4 {[%clk 0:02:46]} e1=Q+
{[%clk 0:00:39]} 91. Kd5 {[%clk 0:02:55]} Qe3 {[%clk 0:00:55]} 92. Kc4
{[%clk 0:03:03]} Qd2 {[%clk 0:01:02]} 93. Kc5 {[%clk 0:03:12]} Qd3
{[%clk 0:01:11]} 94. Kb4 {[%clk 0:03:21]} Qc2 {[%clk 0:01:19]} 95. Kb5
{[%clk 0:03:30]} Qc3 {[%clk 0:01:28]} 96. Kb6 {[%clk 0:03:39]} Qc4
{[%clk 0:01:38]} 97. Kb7 {[%clk 0:03:48]} Qc5 {[%clk 0:01:46]} 98. Kb8
{[%clk 0:03:57]} Qc6 {[%clk 0:01:55]} 99. Ka7 {[%clk 0:04:06]} Qb5
{[%clk 0:02:03]} 100. Ka8 {[%clk 0:04:15]} Ke3 {[%clk 0:02:12]} 101. Ka7
{[%clk 0:04:24]} Kd4 {[%clk 0:02:22]} 102. Ka8 {[%clk 0:04:33]} Kc5
{[%clk 0:02:31]} 103. Ka7 {[%clk 0:04:42]} Kc6 {[%clk 0:02:40]} 104. Ka8
{[%clk 0:04:52]} Qb7# 0-1

[Event "MCR druzstev mladsich zaku 2019"]
[Site "Trest"]
[Date "2019.06.15"]
[Round "7.2"]
[White "Tajovsky, Simon"]
[Black "Nemec, Jachym"]
[Result "0-1"]
[BlackElo "1940"]
[WhiteElo "1564"]
[LiveChessVersion "1.4.8"]

1. d4 {[%clk 0:25:18]} Nf6 {[%clk 0:25:16]} 2. c4 {[%clk 0:25:26]} c5
{[%clk 0:25:23]} 3. d5 {[%clk 0:25:32]} b5 {[%clk 0:25:30]} 4. cxb5
{[%clk 0:25:38]} a6 {[%clk 0:25:05]} 5. b6 {[%clk 0:25:33]} Qxb6 {[%clk 0:24:34]}
6. Nc3 {[%clk 0:25:25]} g6 {[%clk 0:24:26]} 7. e4 {[%clk 0:25:04]} d6
{[%clk 0:24:32]} 8. Nf3 {[%clk 0:24:44]} Bg7 {[%clk 0:24:39]} 9. Bd3
{[%clk 0:24:23]} O-O {[%clk 0:24:37]} 10. O-O {[%clk 0:24:27]} Nbd7
{[%clk 0:21:14]} 11. Bf4 {[%clk 0:23:43]} Ng4 {[%clk 0:19:39]} 12. Qd2
{[%clk 0:21:19]} Rb8 {[%clk 0:17:49]} 13. b3 Nge5 {[%clk 0:15:39]} 14. Nxe5
{[%clk 0:19:52]} Nxe5 {[%clk 0:15:46]} 15. Bc2 {[%clk 0:19:38]} Bd7
{[%clk 0:15:16]} 16. Bh6 {[%clk 0:18:03]} Bxh6 {[%clk 0:14:51]} 17. Qxh6
{[%clk 0:18:09]} Rfc8 {[%clk 0:14:58]} 18. Rab1 {[%clk 0:18:02]} Bb5
{[%clk 0:11:15]} 19. Nxb5 {[%clk 0:17:09]} axb5 {[%clk 0:11:22]} 20. Qd2
{[%clk 0:16:18]} Ra8 {[%clk 0:10:46]} 21. a4 {[%clk 0:15:25]} Qa5
{[%clk 0:09:37]} 22. Qe2 {[%clk 0:14:30]} bxa4 {[%clk 0:09:25]} 23. bxa4
{[%clk 0:14:33]} Rab8 {[%clk 0:09:27]} 24. f4 {[%clk 0:13:45]} Nd7
{[%clk 0:09:26]} 25. Kh1 {[%clk 0:13:32]} Rb4 {[%clk 0:09:15]} 26. Rxb4
{[%clk 0:13:04]} cxb4 {[%clk 0:09:15]} 27. Bb3 {[%clk 0:12:41]} Rc3
{[%clk 0:09:09]} 28. Rb1 {[%clk 0:12:01]} Nc5 {[%clk 0:08:53]} 29. Bd1
{[%clk 0:11:41]} b3 {[%clk 0:08:41]} 30. Qb5 {[%clk 0:11:12]} Qxb5
{[%clk 0:08:27]} 31. axb5 {[%clk 0:11:19]} b2 {[%clk 0:07:04]} 32. Rxb2
{[%clk 0:11:03]} Rc1 {[%clk 0:07:13]} 33. Rd2 {[%clk 0:10:16]} Nxe4
{[%clk 0:07:21]} 34. Rd4 {[%clk 0:09:59]} Nf2+ {[%clk 0:07:30]} 35. Kg1
{[%clk 0:10:04]} Nxd1 {[%clk 0:07:38]} 36. h3 {[%clk 0:09:55]} Nc3+
{[%clk 0:07:44]} 37. Kh2 {[%clk 0:10:02]} Nxb5 {[%clk 0:07:48]} 38. Re4
{[%clk 0:09:33]} Rc7 {[%clk 0:07:47]} 39. Re3 {[%clk 0:09:35]} Kg7
{[%clk 0:07:49]} 40. Kg3 {[%clk 0:09:23]} Nd4 {[%clk 0:07:51]} 41. Kg4
{[%clk 0:09:12]} h5+ {[%clk 0:07:57]} 0-1

[Event "MCR druzstev mladsich zaku 2019"]
[Site "Trest"]
[Date "2019.06.15"]
[Round "7.3"]
[White "Smolik, Jachym"]
[Black "Hronek, Ondrej"]
[Result "1-0"]
[BlackElo "1531"]
[WhiteElo "1652"]
[LiveChessVersion "1.4.8"]

1. d4 {[%clk 0:25:19]} e6 {[%clk 0:24:59]} 2. c4 {[%clk 0:25:27]} f5
{[%clk 0:25:07]} 3. Nc3 {[%clk 0:25:27]} Nf6 {[%clk 0:25:15]} 4. Bg5
{[%clk 0:25:29]} h6 {[%clk 0:25:18]} 5. Bxf6 {[%clk 0:25:03]} Qxf6
{[%clk 0:25:26]} 6. a3 {[%clk 0:25:00]} Be7 {[%clk 0:25:11]} 7. e4
{[%clk 0:24:37]} O-O {[%clk 0:24:40]} 8. e5 {[%clk 0:24:34]} Qf7 {[%clk 0:24:22]}
9. Nf3 {[%clk 0:24:06]} d6 {[%clk 0:24:21]} 10. Be2 {[%clk 0:23:58]} b6
{[%clk 0:24:05]} 11. Nb5 {[%clk 0:23:22]} Na6 {[%clk 0:24:09]} 12. Qd2
{[%clk 0:22:20]} Bd7 {[%clk 0:23:41]} 13. O-O {[%clk 0:22:05]} g5
{[%clk 0:22:36]} 14. Ne1 {[%clk 0:20:35]} f4 {[%clk 0:21:24]} 15. Bf3
{[%clk 0:19:27]} d5 {[%clk 0:20:26]} 16. Nc3 {[%clk 0:19:10]} c6 {[%clk 0:20:30]}
17. Qe2 {[%clk 0:18:36]} Nc7 {[%clk 0:20:28]} 18. cxd5 {[%clk 0:17:43]} cxd5
{[%clk 0:19:34]} 19. Nc2 {[%clk 0:16:43]} Be8 {[%clk 0:18:33]} 20. Nb4
{[%clk 0:15:53]} a5 {[%clk 0:18:32]} 21. Nd3 {[%clk 0:15:40]} h5 {[%clk 0:18:27]}
22. h3 {[%clk 0:14:34]} Qg6 {[%clk 0:18:04]} 23. g4 {[%clk 0:14:02]} hxg4
{[%clk 0:16:53]} 24. Bxg4 {[%clk 0:14:02]} Nb5 {[%clk 0:16:02]} 25. Nxb5
{[%clk 0:14:08]} Bxb5 {[%clk 0:16:11]} 26. Nxf4 {[%clk 0:13:22]} gxf4
{[%clk 0:15:40]} 27. Qxb5 {[%clk 0:13:30]} Kf7 {[%clk 0:15:29]} 28. Rac1
{[%clk 0:12:53]} Rh8 {[%clk 0:14:41]} 29. Rc3 {[%clk 0:12:37]} Rh4
{[%clk 0:14:10]} 30. Qe2 {[%clk 0:11:37]} Rah8 {[%clk 0:13:31]} 31. Kg2
{[%clk 0:11:08]} Rg8 {[%clk 0:11:04]} 32. Qf3 {[%clk 0:10:38]} Qh6
{[%clk 0:11:02]} 33. Rg1 {[%clk 0:10:13]} Qh7 {[%clk 0:07:56]} 34. Qxf4+
{[%clk 0:06:24]} Kg7 {[%clk 0:07:54]} 35. Rc7 {[%clk 0:06:21]} Kh8
{[%clk 0:07:41]} 36. Kh2 {[%clk 0:05:51]} Qg7 {[%clk 0:04:56]} 37. Qg3
{[%clk 0:05:24]} Rh6 {[%clk 0:04:39]} 38. Bf3 {[%clk 0:04:39]} Qxg3+
{[%clk 0:03:55]} 39. Rxg3 {[%clk 0:04:40]} Rxg3 {[%clk 0:03:58]} 40. fxg3
{[%clk 0:04:48]} Bg5 {[%clk 0:03:59]} 41. Rc3 {[%clk 0:04:13]} Kg7
{[%clk 0:03:35]} 42. h4 {[%clk 0:04:20]} Bxh4 {[%clk 0:03:41]} 43. gxh4
{[%clk 0:04:27]} Rxh4+ {[%clk 0:03:50]} 44. Kg3 {[%clk 0:04:31]} Rxd4
{[%clk 0:03:57]} 45. Rb3 {[%clk 0:04:30]} Kg6 {[%clk 0:03:49]} 46. Rxb6
{[%clk 0:04:38]} Kf5 {[%clk 0:03:58]} 47. Rb5 {[%clk 0:04:13]} a4
{[%clk 0:04:00]} 48. Rb4 {[%clk 0:03:56]} Rxb4 {[%clk 0:03:29]} 49. axb4
{[%clk 0:04:06]} Kxe5 {[%clk 0:03:38]} 50. b5 {[%clk 0:04:11]} Kd6
{[%clk 0:03:44]} 51. Bd1 {[%clk 0:04:19]} e5 {[%clk 0:03:34]} 52. Kf3
{[%clk 0:04:26]} e4+ {[%clk 0:03:38]} 53. Ke3 {[%clk 0:04:34]} Ke5
{[%clk 0:03:07]} 54. b6 {[%clk 0:04:39]} d4+ {[%clk 0:03:16]} 55. Ke2
{[%clk 0:04:40]} Kd6 {[%clk 0:03:00]} 56. Bxa4 {[%clk 0:04:48]} d3+
{[%clk 0:03:02]} 57. Ke3 {[%clk 0:04:55]} d2 {[%clk 0:02:05]} 58. Kxd2
{[%clk 0:05:04]} e3+ {[%clk 0:02:11]} 59. Kxe3 {[%clk 0:05:13]} Kc5
{[%clk 0:02:18]} 60. b7 {[%clk 0:05:21]} Kb4 {[%clk 0:02:25]} 61. b8=Q+
{[%clk 0:05:29]} Kxa4 {[%clk 0:02:31]} 62. Ke4 1-0

[Event "MCR druzstev mladsich zaku 2019"]
[Site "Trest"]
[Date "2019.06.15"]
[Round "7.4"]
[White "Bocek, Adam"]
[Black "Day, Tobias"]
[Result "0-1"]
[BlackElo "1690"]
[WhiteElo "1513"]
[LiveChessVersion "1.4.8"]

1. e4 {[%clk 0:25:19]} c5 {[%clk 0:25:18]} 2. Nf3 {[%clk 0:25:28]} d6
{[%clk 0:25:25]} 3. d4 {[%clk 0:25:34]} cxd4 {[%clk 0:25:30]} 4. Nxd4
{[%clk 0:25:42]} Nf6 {[%clk 0:25:36]} 5. Nc3 {[%clk 0:25:51]} g6 {[%clk 0:25:39]}
6. f3 {[%clk 0:25:52]} Bg7 {[%clk 0:25:40]} 7. Be3 {[%clk 0:25:59]} O-O
{[%clk 0:25:43]} 8. Bc4 {[%clk 0:25:55]} Nc6 {[%clk 0:25:38]} 9. Qd2
{[%clk 0:25:59]} Bd7 {[%clk 0:25:37]} 10. O-O-O {[%clk 0:26:03]} Rc8
{[%clk 0:25:41]} 11. Bb3 {[%clk 0:26:08]} Ne5 {[%clk 0:25:26]} 12. h3
{[%clk 0:25:37]} Nc4 {[%clk 0:24:09]} 13. Bxc4 {[%clk 0:25:39]} Rxc4
{[%clk 0:24:16]} 14. Bh6 {[%clk 0:25:21]} Nxe4 {[%clk 0:22:14]} 15. Nxe4
{[%clk 0:25:18]} Rxd4 {[%clk 0:22:11]} 16. Qe3 {[%clk 0:25:24]} Rxd1+
{[%clk 0:22:03]} 17. Rxd1 {[%clk 0:25:31]} Qa5 {[%clk 0:20:58]} 18. Bxg7
{[%clk 0:25:32]} Kxg7 {[%clk 0:21:03]} 19. Qc3+ {[%clk 0:25:40]} Qxc3
{[%clk 0:20:30]} 20. Nxc3 {[%clk 0:25:47]} Bc6 {[%clk 0:20:02]} 21. Nd5
{[%clk 0:25:26]} e6 {[%clk 0:19:34]} 22. Nb4 {[%clk 0:25:29]} Rd8
{[%clk 0:19:16]} 23. Nxc6 {[%clk 0:25:31]} bxc6 {[%clk 0:19:24]} 24. Rd3
{[%clk 0:25:38]} e5 {[%clk 0:18:26]} 25. Ra3 {[%clk 0:25:24]} Rd7
{[%clk 0:18:24]} 26. Kd2 {[%clk 0:25:32]} Kf6 {[%clk 0:18:01]} 27. Ke3
{[%clk 0:25:34]} Ke6 {[%clk 0:18:08]} 28. Ra4 {[%clk 0:25:28]} d5
{[%clk 0:17:36]} 29. g3 {[%clk 0:23:50]} f5 {[%clk 0:16:42]} 30. f4
{[%clk 0:23:15]} d4+ {[%clk 0:14:58]} 31. Ke2 {[%clk 0:23:05]} e4
{[%clk 0:14:14]} 32. Ra3 {[%clk 0:20:41]} Kd5 {[%clk 0:13:01]} 33. g4
{[%clk 0:20:19]} c5 {[%clk 0:12:30]} 34. gxf5 {[%clk 0:20:18]} gxf5
{[%clk 0:12:37]} 35. Rg3 {[%clk 0:20:23]} c4 {[%clk 0:10:41]} 36. Rg5
{[%clk 0:19:54]} Ke6 {[%clk 0:10:05]} 37. h4 {[%clk 0:19:57]} d3+
{[%clk 0:09:52]} 38. cxd3 {[%clk 0:19:51]} cxd3+ {[%clk 0:10:00]} 39. Kd2
{[%clk 0:19:58]} e3+ {[%clk 0:09:55]} 40. Kd1 {[%clk 0:19:28]} d2
{[%clk 0:09:35]} 41. Rg3 {[%clk 0:19:21]} e2+ {[%clk 0:09:40]} 42. Kxe2
{[%clk 0:19:24]} d1=Q+ {[%clk 0:09:46]} 43. Kf2 {[%clk 0:19:33]} Rd2+
{[%clk 0:09:50]} 44. Ke3 {[%clk 0:19:37]} Qe2# {[%clk 0:09:58]} 0-1

[Event "MCR druzstev mladsich zaku 2019"]
[Site "Trest"]
[Date "2019.06.15"]
[Round "7.5"]
[White "Pressler, Tobias"]
[Black "Sikorova, Jana"]
[Result "1-0"]
[BlackElo "1483"]
[WhiteElo "1595"]
[LiveChessVersion "1.4.8"]

1. e4 {[%clk 0:25:14]} c5 {[%clk 0:25:18]} 2. Nf3 {[%clk 0:25:19]} e6
{[%clk 0:25:26]} 3. d4 {[%clk 0:25:19]} cxd4 {[%clk 0:25:32]} 4. Nxd4
{[%clk 0:25:24]} a6 {[%clk 0:25:39]} 5. Nc3 {[%clk 0:25:23]} b5 {[%clk 0:25:39]}
6. a3 {[%clk 0:25:30]} Bb7 {[%clk 0:25:42]} 7. Be2 {[%clk 0:25:09]} Qc7
{[%clk 0:25:40]} 8. O-O {[%clk 0:24:37]} Nf6 {[%clk 0:25:21]} 9. Be3
{[%clk 0:24:19]} Nxe4 {[%clk 0:24:02]} 10. Nxe4 {[%clk 0:23:37]} Bxe4
{[%clk 0:23:51]} 11. Bf3 {[%clk 0:22:45]} Bxf3 {[%clk 0:23:43]} 12. Qxf3
{[%clk 0:22:52]} Nc6 {[%clk 0:23:30]} 13. Rad1 {[%clk 0:22:02]} Be7
{[%clk 0:22:58]} 14. Bf4 {[%clk 0:21:01]} d6 {[%clk 0:22:30]} 15. Qxc6+
{[%clk 0:20:39]} Qxc6 {[%clk 0:22:02]} 16. Nxc6 {[%clk 0:20:47]} Rc8
{[%clk 0:21:30]} 17. Nxe7 {[%clk 0:20:54]} Kxe7 {[%clk 0:21:23]} 18. Bxd6+
{[%clk 0:20:37]} Kf6 {[%clk 0:20:47]} 19. c3 {[%clk 0:20:26]} Rhd8
{[%clk 0:20:14]} 20. Bb4 {[%clk 0:20:24]} g6 {[%clk 0:20:00]} 21. Ba5
{[%clk 0:20:22]} Rxd1 {[%clk 0:19:13]} 22. Rxd1 {[%clk 0:20:27]} Rc6
{[%clk 0:19:14]} 23. f3 {[%clk 0:20:13]} e5 {[%clk 0:18:48]} 24. Kf2
{[%clk 0:20:08]} Kg5 {[%clk 0:18:33]} 25. Rd5 {[%clk 0:19:44]} Re6
{[%clk 0:18:25]} 26. Bd8+ {[%clk 0:19:30]} f6 {[%clk 0:18:18]} 27. g3
{[%clk 0:19:36]} h6 {[%clk 0:17:47]} 28. h4+ {[%clk 0:19:13]} Kh5
{[%clk 0:17:16]} 29. Rxe5+ {[%clk 0:18:39]} Rxe5 {[%clk 0:15:25]} 30. g4+
{[%clk 0:18:47]} Kxh4 {[%clk 0:15:29]} 31. Bxf6+ {[%clk 0:18:55]} Kh3
{[%clk 0:15:23]} 32. Bxe5 {[%clk 0:19:03]} Kh4 {[%clk 0:14:59]} 33. Bf6+
{[%clk 0:18:58]} g5 {[%clk 0:15:00]} 34. b3 {[%clk 0:19:02]} h5 {[%clk 0:14:56]}
35. gxh5 {[%clk 0:19:06]} Kxh5 {[%clk 0:15:02]} 36. Kg3 {[%clk 0:19:11]} Kg6
{[%clk 0:15:02]} 37. Bd8 {[%clk 0:19:15]} Kf5 {[%clk 0:15:05]} 38. c4
{[%clk 0:19:22]} bxc4 {[%clk 0:14:54]} 39. bxc4 {[%clk 0:19:30]} Ke5
{[%clk 0:15:00]} 40. Bxg5 {[%clk 0:19:37]} Kd4 {[%clk 0:15:06]} 41. Be7
{[%clk 0:19:36]} Kxc4 {[%clk 0:15:10]} 42. f4 {[%clk 0:19:44]} Kd5
{[%clk 0:15:17]} 43. f5 {[%clk 0:19:53]} Kc6 {[%clk 0:15:07]} 44. Kf4
{[%clk 0:19:55]} Kd7 {[%clk 0:15:15]} 45. f6 {[%clk 0:20:03]} Ke8
{[%clk 0:15:21]} 46. Ke5 {[%clk 0:20:11]} Kf7 {[%clk 0:15:20]} 47. Kf5
{[%clk 0:20:19]} a5 {[%clk 0:15:15]} 48. a4 {[%clk 0:20:24]} Ke8 {[%clk 0:15:10]}
49. Kg6 {[%clk 0:20:31]} Kd7 {[%clk 0:15:13]} 50. f7 {[%clk 0:20:39]} Kxe7
{[%clk 0:15:18]} 51. Kg7 {[%clk 0:20:48]} Kd6 {[%clk 0:15:23]} 52. f8=Q+
{[%clk 0:20:53]} Kc6 {[%clk 0:15:27]} 53. Qb8 {[%clk 0:20:58]} Kc5
{[%clk 0:15:32]} 54. Qb7 {[%clk 0:21:06]} Kc4 {[%clk 0:15:37]} 55. Qb6
{[%clk 0:21:14]} Kc3 {[%clk 0:15:42]} 56. Qb5 {[%clk 0:21:22]} Kd4
{[%clk 0:15:48]} 57. Qc6 {[%clk 0:21:30]} Ke5 {[%clk 0:15:55]} 58. Qd7
{[%clk 0:21:39]} Ke4 {[%clk 0:16:03]} 59. Qd6 {[%clk 0:21:47]} Ke3
{[%clk 0:16:11]} 60. Kf6 {[%clk 0:21:56]} Ke2 {[%clk 0:16:18]} 61. Kf5
{[%clk 0:22:04]} Ke3 {[%clk 0:16:26]} 62. Qc5+ {[%clk 0:22:10]} Kd3
{[%clk 0:16:25]} 63. Kf4 {[%clk 0:22:18]} Kd2 {[%clk 0:16:30]} 64. Qa3
{[%clk 0:22:22]} Kc2 {[%clk 0:16:30]} 65. Qe3 {[%clk 0:22:30]} Kd1
{[%clk 0:16:36]} 66. Qf2 {[%clk 0:22:38]} Kc1 {[%clk 0:16:43]} 67. Ke3
{[%clk 0:22:46]} Kb1 {[%clk 0:16:50]} 68. Kd3 {[%clk 0:22:54]} Ka1
{[%clk 0:16:57]} 69. Kc3 {[%clk 0:23:03]} Kb1 {[%clk 0:17:06]} 70. Qb2# 1-0